Ako podnikať

Z obsahu: Termín spresnenia elektronického verejného obstarávania nie je známy. Portálom pre obstarávanie pribudne štátny konkurent. Elektronické aukcie. Poradenstvo. Práca popri zamestnaní. Assessment centrá prenikajú do pracovných pohovorov.

Saved in:
Bibliographic Details
Format: Book Chapter
Language:Slovak
Subjects:
Tags: Add Tag
No Tags, Be the first to tag this record!

MARC

LEADER 00000naa$a2200000$$$4500
001 0053637
005 20231009072841.9
041 0 |a slo 
044 |a SK 
245 1 0 |a Ako podnikať 
520 |a Z obsahu: Termín spresnenia elektronického verejného obstarávania nie je známy. Portálom pre obstarávanie pribudne štátny konkurent. Elektronické aukcie. Poradenstvo. Práca popri zamestnaní. Assessment centrá prenikajú do pracovných pohovorov. 
610 2 0 |a obstarávanie verejné 
610 2 0 |a obstarávanie elektronické 
610 2 0 |a Slovensko